• AIU
  • Tony Wilmot Memorial Library

Building the resilient community : (Record no. 59010)

MARC details
000 -LEADER
fixed length control field 01288cam a22003137a 4500
001 - CONTROL NUMBER
control field 16727078
003 - CONTROL NUMBER IDENTIFIER
control field OSt
005 - DATE AND TIME OF LATEST TRANSACTION
control field 20170722020004.0
008 - FIXED-LENGTH DATA ELEMENTS--GENERAL INFORMATION
fixed length control field 110408s2011 oru b 001 0 eng d
010 ## - LIBRARY OF CONGRESS CONTROL NUMBER
LC control number 2011281493
020 ## - INTERNATIONAL STANDARD BOOK NUMBER
International Standard Book Number 1608992454
020 ## - INTERNATIONAL STANDARD BOOK NUMBER
International Standard Book Number 9781608992454
035 ## - SYSTEM CONTROL NUMBER
System control number (OCoLC)ocn696718706
040 ## - CATALOGING SOURCE
Original cataloging agency YDXCP
Transcribing agency YDXCP
Modifying agency DTM
-- BWX
-- DLC
042 ## - AUTHENTICATION CODE
Authentication code lccopycat
050 00 - LIBRARY OF CONGRESS CALL NUMBER
Classification number BV4012.2
Item number .H65 2011
100 1# - MAIN ENTRY--PERSONAL NAME
Personal name Holton, M. Jan.
9 (RLIN) 26716
245 10 - TITLE STATEMENT
Title Building the resilient community :
Remainder of title lessons from the Lost Boys of Sudan /
Statement of responsibility, etc M Jan Holton.
260 ## - PUBLICATION, DISTRIBUTION, ETC. (IMPRINT)
Place of publication, distribution, etc Eugene, Or. :
Name of publisher, distributor, etc Cascade Books,
Date of publication, distribution, etc c2011.
300 ## - PHYSICAL DESCRIPTION
Extent x, 176 p. ;
Dimensions 23 cm.
504 ## - BIBLIOGRAPHY, ETC. NOTE
Bibliography, etc Includes bibliographical references (p. 165-172) and index.
505 0# - FORMATTED CONTENTS NOTE
Formatted contents note Introduction -- Shifting perspectives in pastoral theology -- Ravaged by war : Sudan and the Dinka -- The Lost Boy experience -- Refugees and the effects of traumatic experience -- Building community resilience -- A community faith narrative -- Nurturing the faith narrative.
650 #0 - SUBJECT ADDED ENTRY--TOPICAL TERM
Topical term or geographic name as entry element Refugees
Geographic subdivision Sudan.
9 (RLIN) 26717
650 #0 - SUBJECT ADDED ENTRY--TOPICAL TERM
Topical term or geographic name as entry element Christianity
Geographic subdivision Sudan.
9 (RLIN) 26718
650 #0 - SUBJECT ADDED ENTRY--TOPICAL TERM
Topical term or geographic name as entry element Pastoral care.
9 (RLIN) 26719
906 ## - LOCAL DATA ELEMENT F, LDF (RLIN)
a 7
b cbc
c copycat
d 2
e ncip
f 20
g y-gencatlg
942 ## - ADDED ENTRY ELEMENTS (KOHA)
Source of classification or shelving scheme Library of Congress Classification
Koha item type Books
Koha issues (borrowed), all copies 3
Holdings
Withdrawn status Lost status Source of classification or shelving scheme Damaged status Not for loan Collection code Home library Current library Shelving location Date acquired Source of acquisition Cost, normal purchase price Total Checkouts Total Renewals Full call number Barcode Date last seen Date checked out Copy number Price effective from Koha item type
    Library of Congress Classification     General Circulation AIU/NEGST - Tony Wilmot Memorial Library AIU/NEGST - Tony Wilmot Memorial Library General Stacks 05/15/2014 Through TBN 18.90 11 2 BV 4012.2.H65 2011 R28303P3232 10/04/2024 09/30/2024 1 05/15/2014 Books
    Library of Congress Classification     General Circulation AIU/NEGST - Tony Wilmot Memorial Library AIU/NEGST - Tony Wilmot Memorial Library General Stacks 05/23/2014 Purchase -TBN 18.90     BV 4012.2.H65 2011 R29118A3232 09/26/2019   2 05/23/2014 Books